La poetica del abandono (Registro nro. 217554)
[ vista simple ]
| 001 - NÚMERO DE CONTROL | |
|---|---|
| campo de control | 690244 |
| 005 - FECHA Y HORA DE LA ÚLTIMA TRANSACCIÓN | |
| campo de control | 20240201164556.0 |
| 008 - DATOS DE LONGITUD FIJA--INFORMACIÓN GENERAL | |
| campo de control de longitud fija | 010911e19990701 spa |
| 035 ## - NÚMERO DE CONTROL DEL SISTEMA | |
| Número de control de sistema | 690244 |
| 035 ## - NÚMERO DE CONTROL DEL SISTEMA | |
| Número de control de sistema | (OCoLC)819915875 |
| 040 ## - FUENTE DE LA CATALOGACIÓN | |
| Centro/agencia transcriptor | comduadb |
| 041 ## - CÓDIGO DE LENGUA | |
| Código de lengua del texto/banda sonora o título independiente | spa |
| 100 10 - ENTRADA PRINCIPAL--NOMBRE DE PERSONA | |
| Nombre de persona | Cruz Carvajal, Isleni |
| Código de función | aut |
| Término indicativo de función/relación | Autor/a |
| 9 (RLIN) | 517688 |
| 245 13 - MENCIÓN DE TÍTULO | |
| Título | La poetica del abandono |
| 650 ## - PUNTO DE ACCESO ADICIONAL DE MATERIA--TÉRMINO DE MATERIA | |
| Término de materia o nombre geográfico como elemento de entrada | Chalbaud, Roman, 1931- |
| 9 (RLIN) | 57537 |
| 650 ## - PUNTO DE ACCESO ADICIONAL DE MATERIA--TÉRMINO DE MATERIA | |
| Término de materia o nombre geográfico como elemento de entrada | Chalbaud, Roman. Pandemonium (la capital del infierno) (pelicula cinematografica) |
| 9 (RLIN) | 82516 |
| 650 ## - PUNTO DE ACCESO ADICIONAL DE MATERIA--TÉRMINO DE MATERIA | |
| Término de materia o nombre geográfico como elemento de entrada | Cine latinoamericano |
| 9 (RLIN) | 51920 |
| 650 ## - PUNTO DE ACCESO ADICIONAL DE MATERIA--TÉRMINO DE MATERIA | |
| Término de materia o nombre geográfico como elemento de entrada | Cine - Venezuela - Aspectos sociales |
| 9 (RLIN) | 6349 |
| 650 ## - PUNTO DE ACCESO ADICIONAL DE MATERIA--TÉRMINO DE MATERIA | |
| Término de materia o nombre geográfico como elemento de entrada | Directores de cine |
| 9 (RLIN) | 62866 |
| 773 0# - ENLACE AL DOCUMENTO FUENTE/ENTRADA DE REGISTRO ANFITRIÓN | |
| Título | Kinetoscopio (Medellín) |
| Parte(s) relacionada(s) | Volumen 10, Número 051, Julio-Septiembre 1999, p. 69-70 |
| Número de control del registro | 231653 |
| Número Internacional Normalizado para Publicaciones Seriadas | 0121-3776 |
| Número bibliográfico anfitrión | 98615 |
| 942 ## - ELEMENTOS DE ENTRADA AGREGADA (KOHA) | |
| Tipo de ítem Koha | Artículo de Revista |
No hay ítems disponibles.